000 00688nam a2200193Ii 4500
003 JO-AjNU
008 230605s9999||||xx |||||||||||||| ||und||
040 _aJO-AjNU
_bara
_erda
_cJO-AjNU
041 _aara
050 1 4 _aPJ7862.H22.Z86 1900
100 3 _aتأليف عوض،ريتا,
_eauthor
_914980
245 0 0 _aأعلام الشعر العربي الحديث: أبو القاسم الشابي
264 3 1 _aبغداد:المكتبة العالمية،1900
300 _a63ص
336 _atext
_btxt
_2rdacontent
337 _aunmediated
_bn
_2rdamedia
338 _avolume
_bnc
_2rdacarrier
650 4 _aالشعر العربي - تحليل ونقد - العصر الحديث
_914981
999 _aA4124
_c7692
_d7692